| 000 | 06053nam a2200373 i 4500 | ||
|---|---|---|---|
| 001 | 000020755 | ||
| 003 | DO-SdBNP | ||
| 005 | 20251212110511.0 | ||
| 007 | ta | ||
| 008 | 150206s2016 dr a r 000 0 spa d | ||
| 020 | _a9789945582345 (v. 223) | ||
| 020 | _a9789945443622 (serie) | ||
| 040 |
_aDO-SdBNP _bspa _cBNPHU _erda |
||
| 041 | _aspa | ||
| 082 | 4 |
_a306.097293 _bV145c 2016 _222 |
|
| 100 | 1 |
_aValdez Albizu, Héctor, _d1947- _eautor _912322 _4aut. |
|
| 245 | 1 | 0 |
_aLa cultura en el Banco Central : _bdiscursos 2014-2016 / _cHéctor Valdez Albizu. |
| 250 | _aPrimera edición | ||
| 264 | 4 |
_aSanto Domingo, República Dominicana : _bBanco Central de la República Dominicana, _c©2016. |
|
| 300 |
_a152 páginas : _bilustraciones , fotografías, retratos ; _c23 cm. |
||
| 336 |
_atexto _btxt _2rdacontent |
||
| 337 |
_asin mediación _bn _2rdamedia |
||
| 338 |
_avolumen _bnc _2rdacarrier |
||
| 490 | 1 |
_aColección Banco Central de la República Dominicana _v223 |
|
| 490 | 1 |
_aArte y literatura _v77 |
|
| 500 | _aIncluye datos biográficos del autor en las solapas | ||
| 505 | _aJosé Alcántara Almánzar, 11 -- Puesta en circulación de las obras: La Cultura en el Banco Central. Discursos 2012-2014, de Héctor Valdez Albizu, Juan Pablo Duarte y la Venezuela del siglo XIX. Historia y leyenda, de Cecilia Ayala Lafée, Wener Wilbert y Ariany Calles, Estudios literario dominicanos, de Manuel A. Ossers y Era lunes ayer, de Máximo Vega, en la Sala de Lectura de la Biblioteca "Juan Pablo Duarte", el lunes 21 de abril de 2014, 17 -- Participación en la XVII Feria Internacional del Libro Santo Domingo 2015, del 25 de abril al 5 de mayo, 25 -- Apertura de la exposición. El escudo Nacional en la numismática y la filatelia dominicanas, en la sala de Exposiciones Temporales del Museo Numismático y Filatélico, el martes 12 de agosto de 2014, 27 -- Puesta en circulación de la Sexta de Billetes 2014, en el vestíbulo de la Sala Jesús María Troncoso Sánchez, del Auditorio del Banco Central, el miércoles 1 de octubre de 2014, 33 -- Puesta en circulación del a obra: Análisis de la Coyuntura Internacional, de Frank Fuentes, Víctor García y Amarilis Altagracia Aquino (editores), en el vestíbulo de la Sala Jesús María Troncoso Sánchez, del Auditorio del Banco Central, el miércoles 15 de octubre de 2014, 41 -- Puesta en circulación de las obras: Exposiciones temporales en el Museo Numismático y Filatélico 2011-2014, La mirada imantada, de Alexis Gómez Rosa y Ensayos al vapor, de Miguel Aníbal Perdomo, en la Sala de Lectura de la Biblioteca "Juan Pablo Duarte" el martes 28 de octubre de 2014, 49 -- Entrega de premios de Concurso Anual de Economía Biblioteca "Juan Pablo Duarte", y puesta en circulación del libro Nueva literatura económica dominicana 2013, en la Sala de Literatura de la Biblioteca "Juan Pablo Duarte", el martes 4 de noviembre de 2014, 57 -- Entrega de premio del Concurso de Arte y Literatura Bancentral, y puesta en circulación del libro Obras premiadas 2013, en el vestíbulo del Museo Numismático y Filatélico, el marte 2 de diciembre de 2014, 65 -- 2015 -- Ofrenda floral en el Altar de la Patria, miércoles 11 de febrero, 75 -- Exposición: Los Padres de la Patria y los monumentos nacionales, realizada con motivo de la independencia nacional y conmemorarse el XXX aniversario de Museo Numismático y Filatélico, en la Sala de Exposiciones Temporales de Museo Numismático y Filatélico, el martes 24 de febrero de 2015, 77 -- Puesta en circulación de las obras: El aspirar del aire. Temas sociales, culturales y literarios, de Bruno Rosario Candelier, Anacaona. La construcción de la cacica taína de Quisqueya. Quinientos años de ideologización, de Catharina de Vallejo, y Voces de Aída. Selección de texto críticos sobre música, de Marianne de Tolentino (Editora), en la Sala de Lectura de la Biblioteca "Juan Pablo Duarte", el martes 28 de abril de 2015, 83 -- Participación en la XVIII Feria Internacional del Libro Santo Domingo 2015, del 23 de abril al 4 de mayo, 91 -- Exposición: Huellas de la Restauración, 1963-1965, en la Sala de Exposiciones Temporales de Museo Numismático y Filatélico, el martes 11 de agosto de 2015, 93 -- Puesta en circulación de las obras: Caminos sobre la mar: obra poética, de Juan Carlos Mieses, Rafael Solano: música y pensamiento. Crónica y reflexiones de un músico dominicano, de Rafael Solano y Ensayos sobre historia social, política y cultural de la República Dominicana y de México, de Fernando Pérez Memén, en la Sala de Lectura de la Biblioteca "Juan Pablo Duarte", el martes 27de octubre de 2015, 99 -- Entrega de premios del Concurso Anual de Economía Biblioteca "Juan Pablo Duarte" y puesta en circulación de los libros: Nueva literatura económica dominicana 2014, Nueva Literatura dominicana 2014. Menciones de honor y Bibliografía económica dominicana 2013-2014, en la Sala Lectura de la Biblioteca "Juan Pablo Duarte", el martes 3 de noviembre de 2015, 107 -- Entrega de premios del Concurso de Arte y Literatura Bancentral 2015, y puesta en circulación de los libros: Obras premiadas 2014, y escribir sobre una ola, de Ángela Hernández (Editora), en el vestíbulo del Museo Numismático y Filatélico, el marte 8 de diciembre de 2015, 117 -- 2016 -- Ofrenda floral en el Altar de la Patria, jueves 11 de febrero, 127 -- Exposición: La filatelia en el Banco Central, con motivo de la Independencia Nacional y el Vigésimo Aniversario de la Sala Filatélica (1996-2016), en la Sala de Exposiciones Temporales del Museo Numismático y Filatélico, el martes 23 de febrero de 2013, 129 -- Colección del Banco Central de la República Dominicana, 137. | ||
| 590 | _aInventariado, 2025 /LP | ||
| 650 | 7 |
_aArte dominicana _ySiglo XXI _988858 |
|
| 650 | 7 |
_aCultura _zRepública Dominicana _2LEMB _91983 |
|
| 710 | 2 |
_aBanco Central de la República Dominicana _983405 |
|
| 830 | 0 |
_aColección Banco Central de la República Dominicana _v223 _pArte y literatura _n77 _943513 |
|
| 942 |
_2ddc _cLBS1 |
||
| 999 |
_c20259 _d20259 |
||